Control fiscal funciones de advertencia y lucha contra la corrupcion / (Record no. 22630)

MARC details
000 -LEADER
campo de control de longitud fija 00909nam a2200277 4500
001 - NÚMERO DE CONTROL
campo de control SIABUC7-ficha_no(MFN):35307
003 - IDENTIFICADOR DE NÚMERO DE CONTROL
campo de control 058020
005 - FECHA Y HORA DE LA ÚLTIMA TRANSACCIÓN
campo de control 20230418121933.0
008 - DATOS DE LONGITUD FIJA--INFORMACIÓN GENERAL
campo de control de longitud fija 220711s2006 ck ||||g |||| ||spa d
010 ## - NÚMERO DE CONTROL DE LA BIBLIOTECA DEL CONGRESO
Número de control de LC TIPO-2
011 ## - ENLACE DEL NUMERO DE CONTROL DE LA BIBLIOTECA DEL CONGRESO [OBSOLETO]
Número de control de LC 2006
020 ## - NÚMERO INTERNACIONAL ESTÁNDAR DEL LIBRO
Número Internacional Estándar del Libro 9589351573
041 ## - CÓDIGO DE IDIOMA
Código de lengua del texto/banda sonora o título independiente esp
042 ## - CÓDIGO DE AUTENTICACIÓN
Código de autenticación col
082 ## - NÚMERO DE LA CLASIFICACIÓN DECIMAL DEWEY
Número de clasificación 352.439
Número de ítem H557c
100 ## - ENTRADA PRINCIPAL--NOMBRE DE PERSONA
Nombre de persona Hernandez Gamarra, Antonio
9 (RLIN) 55605
245 ## - MENCIÓN DEL TÍTULO
Título Control fiscal funciones de advertencia y lucha contra la corrupcion /
Mención de responsabilidad, etc. Antonio Hernandez Gamarra; compiladores Luis B. Carvajal, Margarita Henao
264 ## - PRODUCCIÓN, PUBLICACIÓN, DISTRIBUCIÓN, FABRICACIÓN Y COPYRIGHT
Producción, publicación, distribución, fabricación y copyright Santa Fe de Bogotá :
Nombre del de productor, editor, distribuidor, fabricante Contraloria General de la República,
Fecha de producción, publicación, distribución, fabricación o copyright 2006
300 ## - DESCRIPCIÓN FÍSICA
Extensión 369 p.
599 ## -
-- Con información de ANA01, completado con ANA02
650 ## - PUNTO DE ACCESO ADICIONAL DE MATERIA--TÉRMINO DE MATERIA
Término de materia o nombre geográfico como elemento de entrada AUDITORIA FISCAL
9 (RLIN) 8974
650 ## - PUNTO DE ACCESO ADICIONAL DE MATERIA--TÉRMINO DE MATERIA
Término de materia o nombre geográfico como elemento de entrada POLITICA FISCAL
9 (RLIN) 33296
700 ## - ENTRADA AGREGADA--NOMBRE PERSONAL
Nombre de persona Carvajal C., Luis B., comp.
700 ## - ENTRADA AGREGADA--NOMBRE PERSONAL
Nombre de persona Henao, Margarita, comp.
942 ## - ELEMENTOS DE ENTRADA SECUNDARIOS (KOHA)
Fuente del sistema de clasificación o colocación Clasificación Decimal Dewey
Tipo de ítem Koha Libros
Holdings
Disponibilidad Mostrar en OPAC Especificación de materiales (volumen encuadernado u otra parte) Tipo de Descarte Restricción de Préstamo Colección Asociada Localización permanente Localización actual Localización en estanterías Fecha de adquisición Préstamos totales Signatura topográfica completa Código de barras Prestado Fecha última consulta Fecha del último préstamo Ejemplar Precio de reemplazo Tipo de ítem Koha
    3   SI Permitido el Préstamo Generalidades Biblioteca Central Rafael Parga Cortes Biblioteca Central Rafael Parga Cortes Colección general 20/03/2009 1 352.439 H557c 058020 13/02/2026 13/02/2026 13/02/2026 Ej. 1 18/04/2023 Libros

Powered by Koha